Derecho penal, criminologa̕ y polt̕ica criminal en el cambio de siglo

Bibliographic Details
Main Author: Pierre Matus, Jean
Format: eBook
Language:Spanish
Published: Santiago de Chile : Editorial Jurd̕ica de Chile, 2011
Subjects:
Online Access:Acceso restringido

MARC

LEADER 00000nam a22000007a 4500
005 2012010905215.0
007 cr|||| ||||
008 120109s2011 cl |||||s|||| 00||0 spa d
020 |a 978-956-10-2134-1 
035 |a 5986 
040 |d vLex 
090 |c 2901  |d 2901 
100 1 |a Pierre Matus, Jean 
245 1 0 |a Derecho penal, criminologa̕ y polt̕ica criminal en el cambio de siglo  |h [Recurso electrn̤ico] /  |c Jean Pierre Matus 
256 |a Servicio en ln̕ea 
260 |a Santiago de Chile :  |b Editorial Jurd̕ica de Chile,  |c 2011 
300 |a 1 recurso electrn̤ico 
500 |a Corresponde al quinto tt̕ulo de la Coleccin̤ Ciencias Penales; ren︢e una seleccin̤ de artc̕ulos escritos por el autor entre 1996 y 2010 que permiten evaluar en su contexto histr̤ico la evolucin̤ de las principales reformas legales y culturales ocurridas en el cambio de siglo, entre ellas, las transformaciones de la polt̕ica criminal, la irrupcin̤ de los temas constitucionales y del derecho penal internacional, la modificacin̤ del proceso penal y el cuestionamiento al actual sistema de penas. 
506 1 |a Contenido solo disponible en los productos indicados  |d vLex Global   |d vLex Global (Academic Edition, excluding Law Schools)   |d vLex Global (U.S. Academic Edition, Law Schools)   |d vLex Global (U.S. Academic Edition, excluding Law Schools)   |d vLex Global (Academic Edition, Law Schools)  
650 0 4 |a Derecho penal  |z Chlie 
650 0 4 |a Criminologa̕  |z Chile 
740 0 |a vLex Libros (Servicio en ln̕ea) 
856 4 0 |u http://vlex.com/source/5986  |z Acceso restringido 
942 |c BOOK 
999 0 |a Criminal law 
999 0 |a  Criminology